[Event "Mittelfranken-ch NT 58th"]
[Site "Postbauer"]
[Date "2009.04.09"]
[Round "3"]
[White "Uhlendorff, Daniel"]
[Black "Thuerauf, Peter"]
[Result "0-1"]
[WhiteElo "1563"]
[BlackElo "1793"]
[PlyCount "82"]
[EventDate "2009.04.08"]
[EventType "swiss"]
[EventRounds "7"]
[EventCountry "GER"]
[SourceTitle "EXT 2015"]
[Source "ChessBase"]
[SourceDate "2014.11.20"]
[SourceVersion "1"]
[SourceVersionDate "2014.11.20"]
[SourceQuality "1"]

1. e4 c5 2. Nf3 Nc6 3. c3 Nf6 4. e5 Nd5 5. d4 cxd4 6. cxd4 d6 7. Bc4 e6 8. Bg5 Qa5+ 9. Qd2 Qxd2+ 10. Nbxd2 Nb6 11. Bb3 h6 12. Bh4 g5 13. Bg3 g4 14. Ng1 Nxd4 15. exd6 Nxb3 16. Nxb3 Bg7 17. Rc1 Bxb2 18. Rc7 Nd5 19. Rc4 h5 20. Ne2 Bd7 21. h3 h4 22. Bh2 gxh3 23. gxh3 Rc8 24. Rxc8+ Bxc8 25. Nf4 Nxf4 26. Bxf4 e5 27. Bg5 Kd7 28. Nd2 Bc3 29. Be7 Bb4 30. Ke2 Bxd6 31. Bf6 Rh6 32. Ne4 Ke6 33. Rc1 Bd7 34. Rd1 Bb5+ 35. Kf3 Be7 36. Bxe7 Kxe7 37. Rd5 Bc6 38. Rxe5+ Re6 39. Rxe6+ Kxe6 40. Kf4 Bxe4 41. Kxe4 b5 0-1

[Event "Mittelfrankenliga-B2b 0708"]
[Site "Mittelfranken"]
[Date "2007.11.25"]
[Round "3.8"]
[White "Uhlendorff, Daniel"]
[Black "Mueller, Rudolf2222"]
[Result "1/2-1/2"]
[WhiteElo "1585"]
[BlackElo "1853"]
[PlyCount "93"]
[EventDate "2007.10.14"]
[EventType "team-tourn"]
[EventRounds "9"]
[EventCountry "GER"]
[SourceTitle "EXT 2011"]
[Source "ChessBase"]
[SourceDate "2010.11.26"]
[SourceVersion "1"]
[SourceVersionDate "2010.11.26"]
[SourceQuality "1"]
[WhiteTeam "Schwabach"]
[BlackTeam "Postbauer II"]
[WhiteTeamCountry "GER"]
[BlackTeamCountry "GER"]

1. Nf3 d5 2. e3 g6 3. d4 Bg7 4. g3 Bg4 5. Bg2 Nf6 6. Nbd2 Nc6 7. c3 Qd7 8. Qb3 Ne4 9. Nxe4 dxe4 10. Ng5 0-0 11. Nxe4 b6 12. Qa4 Ne5 13. Qxd7 Nxd7 14. 0-0 Rad8 15. b3 h6 16. Ba3 Rfe8 17. Rfe1 e5 18. h3 Be6 19. Rad1 f5 20. Nd2 e4 21. Bf1 c5 22. Bb5 a6 23. Bc6 Re7 24. d5 Ne5 25. Nb1 Nf3+ 26. Kf1 Nxe1 27. Kxe1 Bd7 28. Bxd7 Rexd7 29. c4 a5 30. Bc1 Kf7 31. Bd2 g5 32. Nc3 h5 33. Kf1 Rh8 34. Kg2 Be5 35. Ne2 Kf6 36. Rh1 Rg7 37. h4 gxh4 38. Rxh4 Rg4 39. Kh3 Rxh4+ 40. Kxh4 Rg8 41. Bc3 Bxc3 42. Nxc3 Kg6 43. Ne2 a4 44. Nf4+ Kh6 45. Ne6 axb3 46. axb3 Re8 47. Nf4 1/2-1/2

[Event "Mittelfrankenliga-B2b 0708"]
[Site "Mittelfranken"]
[Date "2007.11.11"]
[Round "2.7"]
[White "Uhlendorff, Daniel"]
[Black "Perner, Bastian"]
[Result "0-1"]
[WhiteElo "1585"]
[BlackElo "1810"]
[PlyCount "86"]
[EventDate "2007.10.14"]
[EventType "team-tourn"]
[EventRounds "9"]
[EventCountry "GER"]
[SourceTitle "EXT 2011"]
[Source "ChessBase"]
[SourceDate "2010.11.26"]
[SourceVersion "1"]
[SourceVersionDate "2010.11.26"]
[SourceQuality "1"]
[WhiteTeam "Schwabach"]
[BlackTeam "Heideck/Hilpoltstein"]
[WhiteTeamCountry "GER"]
[BlackTeamCountry "GER"]

1. Nf3 d5 2. e3 Nf6 3. d4 e6 4. Nc3 c5 5. Be2 Nc6 6. 0-0 Bd6 7. Nb5 0-0 8. Nxd6 Qxd6 9. c3 Bd7 10. b3 cxd4 11. cxd4 Rac8 12. Bb2 Qb8 13. Ba3 Rfe8 14. Rc1 e5 15. dxe5 Nxe5 16. Rxc8 Rxc8 17. Nxe5 Qxe5 18. Bf3 Be6 19. Qd2 Ne4 20. Qb4 Ng5 21. Be2 Qc7 22. Rc1 Qxc1+ 23. Bxc1 Rxc1+ 24. Bf1 Nh3+ 25. gxh3 Bxh3 26. Qb5 Rxf1+ 27. Qxf1 Bxf1 28. Kxf1 Kf8 29. Ke2 Ke7 30. Kd3 Kd6 31. Kd4 g5 32. f3 f5 33. h3 h5 34. e4 dxe4 35. fxe4 f4 36. e5+ Ke6 37. Ke4 f3 38. Kxf3 Kxe5 39. b4 Kd4 40. b5 Kc5 41. b6 axb6 42. Ke4 Kb4 43. Kf5 g4 0-1

[Event "Mittelfrankenliga-B1 0607"]
[Site "Mittelfranken"]
[Date "2006.12.03"]
[Round "3.8"]
[White "Werner, Andreas1111"]
[Black "Uhlendorff, Daniel"]
[Result "1-0"]
[WhiteElo "1937"]
[BlackElo "1668"]
[PlyCount "57"]
[EventDate "2006.10.22"]
[EventType "team-tourn"]
[EventRounds "9"]
[EventCountry "GER"]
[SourceTitle "EXT 2011"]
[Source "ChessBase"]
[SourceDate "2010.11.26"]
[SourceVersion "1"]
[SourceVersionDate "2010.11.26"]
[SourceQuality "1"]
[WhiteTeam "Nuernberg Sued SW II"]
[BlackTeam "Schwabach"]
[WhiteTeamCountry "GER"]
[BlackTeamCountry "GER"]

1. d4 Nf6 2. Nf3 d5 3. Bg5 e6 4. e3 Bd6 5. c4 c6 6. Nc3 h6 7. Bh4 Nbd7 8. Rc1 Qa5 9. Nd2 0-0 10. Bd3 c5 11. Nb3 Qb6 12. dxc5 Bxc5 13. Nxc5 Qxc5 14. cxd5 Nxd5 15. 0-0 Qb4 16. Nxd5 Qxh4 17. Nc7 Rb8 18. Nb5 Ne5 19. Bb1 Bd7 20. Nd4 Rbc8 21. Qe2 a6 22. h3 Qg5 23. f4 Qf6 24. fxe5 Qxe5 25. Qd3 g6 26. Qe4 Qg5 27. Qf4 Qh5 28. Qd6 Rfd8 29. Rxc8 1-0

[Event "Mittelfrankenliga-B2b 0506"]
[Site "Germany"]
[Date "2005.12.04"]
[Round "3.7"]
[White "Uhlendorff, Daniel"]
[Black "Heinz, Manfred"]
[Result "1/2-1/2"]
[WhiteElo "1697"]
[BlackElo "1752"]
[PlyCount "61"]
[EventDate "2005.10.16"]
[EventType "team"]
[EventRounds "9"]
[EventCountry "GER"]
[SourceTitle "EXT 2007"]
[Source "ChessBase"]
[SourceDate "2006.11.23"]
[SourceVersion "1"]
[SourceVersionDate "2006.11.23"]
[SourceQuality "1"]

1. Nf3 Nf6 2. c4 g6 3. d4 Bg7 4. Nc3 0-0 5. Bg5 c6 6. e4 d6 7. Be2 Nbd7 8. 0-0 e5 9. d5 Qc7 10. Ne1 a6 11. Qc2 cxd5 12. cxd5 b5 13. b4 Bb7 14. Rc1 Rac8 15. Qd2 Nb6 16. f3 Nh5 17. Bd3 Nf4 18. Ne2 Nxe2+ 19. Qxe2 Qd7 20. Be3 Rxc1 21. Bxc1 Rc8 22. Nc2 f5 23. g3 Rc7 24. Be3 Nc4 25. Bf2 Qc8 26. Ne3 Nxe3 27. Bxe3 h6 28. Qd2 g5 29. Rc1 f4 30. Rxc7 Qxc7 31. Bf2 1/2-1/2